00786 2200289 4500001002100000005001500021035002500036007000300061008004100064020002200105040001700127082001200144084001400156090001800170090002200188100001800210245006400228250001100292260003700303300003000340504002900370650001900399850001200418999002200430990002200452990002200474INLIS00000000002787520200616114727 a0010-051700000000585ta170526s2015 yoi g ind d a978-602-225-972-5 aYOPDYOGbind04223a420 a420 IMA w aDEP 420 IMA w aCB-D.11 2015-22590 aImam Barnadib00aWide words :bdaily words you need to know /cImam Barnadib aCet. 13 aYogyakarta :bLeutikaprio,c2015 aviii, 39 halaman ;c19 cm aBibliografi : halaman 39 4aBahasa Inggris aYOPDYOG aCB-D.11/2015-2259 aCB-D.11/2015-2259 aCB-D.11/2015-2259